| 000 | 005220000a22001810004500 | ||
|---|---|---|---|
| 003 | MACL | ||
| 005 | 20160309154939.0 | ||
| 008 | 160309b xxu||||| |||| 00| 0 eng d | ||
| 040 |
_aMACL _cMACL |
||
| 041 | _aHindi | ||
| 082 | _a891.433 | ||
| 100 |
_aअमृतलाल नागर _919995 |
||
| 245 | _aसिकन्दर हार गया | ||
| 260 |
_bराजपाल एण्ड संस _c1973 _aदिल्ली |
||
| 350 | _a6 | ||
| 650 |
_aNovel _944224 |
||
| 942 |
_cHIN _k891;433 _2ddc |
||
| 999 |
_c26627 _d26627 |
||